书目信息 |
| 题名: |
线务工程
|
|
| 作者: | 曾庆珠 主编 | |
| 分册: | ||
| 出版信息: | 北京 北京理工大学出版社有限责任公司 2019.08 |
|
| 页数: | 342, 32页 | |
| 开本: | 26cm | |
| 丛书名: | ||
| 单 册: | ||
| 中图分类: | TN913.3 | |
| 科图分类: | ||
| 主题词: | 通信线路--tong xin xian lu--通信工程 | |
| 电子资源: | ||
| ISBN: | 978-7-5682-7549-1 | |
| 000 | 00900nam0 2200241 450 | |
| 001 | 0106081931 | |
| 005 | 20201109093456.54 | |
| 010 | @a978-7-5682-7549-1@dCNY78.00 | |
| 100 | @a20200601d2019 em y0chiy50 ea | |
| 101 | 0 | @achi |
| 102 | @aCN@b110000 | |
| 105 | @aa z 000yy | |
| 106 | @ar | |
| 200 | 1 | @a线务工程@Axian wu gong cheng@f曾庆珠主编 |
| 205 | @a3版 | |
| 210 | @a北京@c北京理工大学出版社有限责任公司@d2019.08 | |
| 215 | @a342, 32页@c图@d26cm | |
| 330 | @a本书按照以电缆通信工程、光缆通信工程、楼宇或机房综合布线等通信工程实施为主线,以理论与实践相结合为原则,融合线务员、机务员和宽带装维员等职业技能考试内容,以通信工程岗位职业技能培养为重点,形成“教、学、做一体化”的课程教材。 | |
| 606 | 0 | @a通信线路@Atong xin xian lu@x通信工程 |
| 690 | @aTN913.3@v5 | |
| 701 | 0 | @a曾庆珠@Azeng qing zhu@f(1978-)@4主编 |
| 801 | 0 | @aCN@bBJSZM@c20201106 |
| 905 | @b1213484-7@dTN913.3@e89=3@f4 | |
| 线务工程/曾庆珠主编.-3版.-北京:北京理工大学出版社有限责任公司,2019.08 |
| 342, 32页:图;26cm |
| ISBN 978-7-5682-7549-1:CNY78.00 |
| 本书按照以电缆通信工程、光缆通信工程、楼宇或机房综合布线等通信工程实施为主线,以理论与实践相结合为原则,融合线务员、机务员和宽带装维员等职业技能考试内容,以通信工程岗位职业技能培养为重点,形成“教、学、做一体化”的课程教材。 |
| ● |
| 相关链接 |
|
|
|
|
正题名:线务工程
索取号:TN913.3/89=3
 
预约/预借
| 序号 | 登录号 | 条形码 | 馆藏地/架位号 | 状态 | 备注 |
| 1 | 1213484 | 212134849 | 第二样本阅览室/ [索取号:TN913.3/89=3] | 在馆 | |
| 2 | 1213485 | 212134858 | 第三借阅区/ [索取号:TN913.3/89=3] | 在馆 | |
| 3 | 1213486 | 212134867 | 第三借阅区/ [索取号:TN913.3/89=3] | 在馆 | |
| 4 | 1213487 | 212134876 | 第三借阅区/ [索取号:TN913.3/89=3] | 在馆 |